Nimeä käypä Suomen presidentti - Statistics

Yleistilastot
  • Tätä visaa on pelattu 203 kertaa
    75 viimeisimmän päivityksen jälkeen
  • Keskiarvotulos 13 / 19
Vastaustilastot
Nimeä presidentti... Vastaus % Oikein
joka on toiminut ulkoministerinä Urho Kekkonen, Tarja Halonen, Alexander Stubb
95%
joka on toiminut puolueen puheenjohtajana Kyösti Kallio, J. K. Paasikivi, Sauli Niinistö, Alexander Stubb
88%
joka on taistellut jossakin sodassa C. G. E. Mannerheim, Urho Kekkonen, Mauno Koivisto
87%
joka erosi virastaan kesken presidenttikauden Risto Ryti, C. G. E. Mannerheim, Urho Kekkonen
85%
jonka kuva on ollut setelissä K. J. Ståhlberg, J. K. Paasikivi, Urho Kekkonen
78%
joka on toiminut diplomaattina J. K. Paasikivi, Martti Ahtisaari
75%
joka on astunut virkaan alle 55-vuotiaana K. J. Ståhlberg, Lauri Kristian Relander, Risto Ryti
75%
joka on isännöinyt itsenäisyyspäivän vastaanottoa muualla kuin Presidentinlinnassa Risto Ryti, Sauli Niinistö
73%
jolla on upseerin sotilasarvo C.G.E. Mannerheim, Martti Ahtisaari, Sauli Niinistö
67%
joka on kuollut, mutta ei ole haudattuna Helsingin Hietaniemeen P. E. Svinhufvud, Kyösti Kallio
67%
joka ei ole ollut Kokoomuksen, SDP:n tai Keskustan/Maalaisliiton presidenttiehdokkaana K.J. Ståhlberg, Risto Ryti, C. G. E. Mannerheim
65%
joka on toiminut Suomen Pankin pääjohtajana Risto Ryti, Mauno Koivisto
62%
joka on avioitunut virassa ollessaan K.J. Ståhlberg, Tarja Halonen
60%
jonka isä on ollut elossa virkaanastujaispäivänä Lauri Kristian Relander, Alexander Stubb
60%
joka on toiminut puolustusministerinä Kyösti Kallio
58%
joka on palvellut armeijassa, mutta ei ole upseeri P. E. Svinhufvud, Urho Kekkonen, Mauno Koivisto, Alexander Stubb
58%
joka valittiin presidentiksi eduskunnan toimittamassa vaalissa K. J. Ståhlberg, J. K. Paasikivi
57%
jonka kuolinpaikka ei ole Helsinki P. E. Svinhufvud, C. G. E. Mannerheim
53%
joka on syntynyt Suomen nykyisten rajojen ulkopuolella Lauri Kristian Relander, Martti Ahtisaari
47%
Ehtoja vastaavia visoja ei löytynyt
Tulosjakauma
Jokaisen tuloksen saaneiden osuus
Persentiili vastausten määrän mukaan
Tuloshistoriasi
Et ole pelannut tätä visaa sen viimeisimmän päivityksen jälkeen